00436cam a2200169ua 4500001000500000005001700005008003900022040000900061082000800070100002800078245004000106250000900146260003800155300002300193653001400216653003600230290020260515113612.0131004n ii |||gr||||Z||||||asm cMAIN a920 aGogoi, Prabin,eAuthor.11aSurya kumar Bhuyancby Prabin Gogoi a1st. aNaharkatia:bPrabin gogoi,c2010. a232p:bill;c23cm. aBiography aBiography of Surya kumar Bhuyan